| Tag |
First Indicator |
Second Indicator |
Subfields |
| LEADER |
00000cam a2200000 a 4500 |
| 001 |
in00000084545 |
| 005 |
20151008061430.0 |
| 008 |
820217s1981 nyuaf d 00010 eng |
| 010 |
|
|
|a 81050797
|
| 019 |
|
|
|a 8049207
|
| 020 |
|
|
|a 0500233098 :
|c $29.95
|
| 035 |
|
|
|a (OCoLC)08046322
|
| 035 |
|
|
|9 AAJ8050AM
|
| 039 |
0 |
|
|a 2
|b 3
|c 3
|d 3
|e 3
|
| 040 |
|
|
|a DLC
|c DLC
|d TXA
|d UtOrBLW
|
| 049 |
|
|
|a TXAM
|c [1561403]
|
| 050 |
0 |
0 |
|a NK7304
|b .N43 1981
|
| 082 |
0 |
|
|a 739.27/03/21
|2 19
|
| 100 |
1 |
|
|a Newman, Harold.
|
| 245 |
1 |
3 |
|a An illustrated dictionary of jewelry :
|b 2,530 entries, including definitions of jewels, gemstones, materials, processes, and styles, and entries on principal designers and makers from antiquity to the present day /
|c Harold Newman.
|
| 264 |
|
1 |
|a New York, N.Y. :
|b Thames and Hudson,
|c 1981.
|
| 300 |
|
|
|a 334 pages, 16 unnumbered pages of plates :
|b illustrations (some color) ;
|c 26 cm.
|
| 336 |
|
|
|a text
|b txt
|2 rdacontent
|
| 337 |
|
|
|a unmediated
|b n
|2 rdamedia
|
| 338 |
|
|
|a volume
|b nc
|2 rdacarrier
|
| 650 |
|
0 |
|a Jewelry
|x Dictionaries.
|
| 999 |
|
|
|a MARS
|
| 999 |
f |
f |
|s 8e1715ec-faab-3098-87a4-eb59a492ebdc
|i 8d1ed113-62d8-32d0-a350-ca9e32bee60a
|t 0
|
| 952 |
f |
f |
|p normal
|a Texas A&M University
|b College Station
|c Sterling C. Evans Library
|d Evans: Library Stacks
|t 0
|e NK7304 .N43 1981
|h Library of Congress classification
|i unmediated -- volume
|m A14806171199
|
| 998 |
f |
f |
|a NK7304 .N43 1981
|t 0
|l Evans: Library Stacks
|